000 00589nam a22001937a 4500
003 OST
005 20201225142614.0
008 201225b ||||| |||| 00| 0 eng d
020 _a0070495394
040 _cBT-PhCST
050 _a5761-5765 & 4527
082 _222
_a628.3
_bMET
100 _aMetcalf & Eddy, Inc
245 _aWastewater engineering :
_btreatment and reuse /
_crevised by George Tchobanoglous, Franklin L. Burton, H. David Stensel.
250 _a4th ed.
260 _bTata McGraw-Hill,
_cc2005.
_aNew Delhi,
300 _axxviii, 1819 p. ;
_bill. ;
942 _2ddc
_cCIVIL
_05
999 _c3088
_d3088